[Event "Stay Safe Play From Home 246"]
[Site "Emanuel Lasker Arena"]
[Date "2020.06.22"]
[Round "6"]
[White "Dukic"]
[Black "Timbre"]
[Result "1-0"]
[WhiteElo "1798"]
[BlackElo "1665"]
[Annotator "NA"]
[PlyCount "83"]
[EventDate "2020.06.22"]
[EventType "swiss (blitz)"]

1. d4 {[%emt 0:00:03]} d5 {[%emt 0:00:02]} 2. c4 {[%emt 0:00:01]} c6 {[%emt 0:00:01]} 3. cxd5 {[%emt 0:00:02]} cxd5 {[%emt 0:00:02]} 4. Nc3 {[%emt 0:00:00]} Nc6 {[%emt 0:00:01]} 5. Nf3 {[%emt 0:00:01]} a6 {[%emt 0:00:01]} 6. Bf4 {[%emt 0:00:04]} Nf6 {[%emt 0:00:01]} 7. e3 {[%emt 0:00:02]} e6 {[%emt 0:00:01]} 8. Bd3 {[%emt 0:00:02]} Bd6 {[%emt 0:00:02]} 9. Bg5 {[%emt 0:00:02]} h6 {[%emt 0:00:02]} 10. Bh4 {[%emt 0:00:02]} Be7 {[%emt 0:00:06]} 11. Rc1 {[%emt 0:00:04]} O-O {[%emt 0:00:02]} 12. Bb1 {[%emt 0:00:12]} Nh5 {[%emt 0:00:04]} 13. Bxe7 {[%emt 0:00:12]} Qxe7 {[%emt 0:00:02]} 14. Ne5 {[%emt 0:00:01]} g6 {[%emt 0:00:04]} 15. Nxc6 {[%emt 0:00:07]} bxc6 {[%emt 0:00:02]} 16. Na4 {[%emt 0:00:03]} e5 {[%emt 0:00:11]} 17. O-O {[%emt 0:00:08]} e4 {[%emt 0:00:03]} 18. Rxc6 {[%emt 0:00:26]} Bd7 {[%emt 0:00:02]} 19. Rc7 {[%emt 0:00:02]} Qd6 {[%emt 0:00:08]} 20. Rc3 {[%emt 0:00:08]} Bxa4 {[%emt 0:00:05]} 21. Qxa4 {[%emt 0:00:02]} Ng7 {[%emt 0:00:02]} 22. Rfc1 {[%emt 0:00:02]} h5 {[%emt 0:00:02]} 23. Rc6 {[%emt 0:00:02]} Qe7 {[%emt 0:00:06]} 24. a3 {[%emt 0:00:07]} Nf5 {[%emt 0:00:03]} 25. Ba2 {[%emt 0:00:01]} Rad8 {[%emt 0:00:09]} 26. Qxa6 {[%emt 0:00:06]} Qg5 {[%emt 0:00:02]} 27. Qe2 {[%emt 0:00:12]} Nh4 {[%emt 0:00:03]} 28. Qf1 {[%emt 0:00:04]} Nf3+ {[%emt 0:00:03]} 29. Kh1 {[%emt 0:00:01]} Nh4 {[%emt 0:00:09]} 30. R1c5 {[%emt 0:00:03]} Kg7 {[%emt 0:00:20]} 31. a4 {[%emt 0:00:01]} Rfe8 {[%emt 0:00:04]} 32. a5 {[%emt 0:00:01]} Re7 {[%emt 0:00:01]} 33. a6 {[%emt 0:00:01]} Ra7 {[%emt 0:00:04]} 34. b4 {[%emt 0:00:01]} Kh7 {[%emt 0:00:20]} 35. b5 {[%emt 0:00:01]} Kg7 {[%emt 0:00:02]} 36. Bb3 {[%emt 0:00:12]} Rdd7 {[%emt 0:00:07]} 37. Bd1 {[%emt 0:00:08]} Re7 {[%emt 0:00:08]} 38. Be2 {[%emt 0:00:01]} Red7 {[%emt 0:00:02]} 39. b6 {[%emt 0:00:01]} Rxa6 {[%emt 0:00:02]} 40. Bxa6 {[%emt 0:00:02]} Re7 {[%emt 0:00:01]} 41. b7 {[%emt 0:00:01]} Rxb7 {[%emt 0:00:01]} 42. Bxb7 {[%emt 0:00:02] Timbre resigns (Lag: Av=0.47s, max=0.7s)} 1-0

[Event "Stay Safe Play From Home 246"]
[Site "Emanuel Lasker Arena"]
[Date "2020.06.22"]
[Round "7"]
[White "Mepe_Nika"]
[Black "Haxhi Baha"]
[Result "1-0"]
[WhiteElo "2317"]
[BlackElo "1919"]
[PlyCount "65"]
[EventDate "2020.06.22"]
[EventType "swiss (blitz)"]

1. g3 {[%emt 0:00:07]} e5 {[%emt 0:00:02]} 2. Bg2 {[%emt 0:00:01]} Nc6 {[%emt 0:00:01]} 3. c4 {[%emt 0:00:02]} Be7 {[%emt 0:00:01]} 4. Nc3 {[%emt 0:00:01]} d6 {[%emt 0:00:01]} 5. Nf3 {[%emt 0:00:02]} Be6 {[%emt 0:00:05]} 6. d4 {[%emt 0:00:05]} Bxc4 {[%emt 0:00:08]} 7. d5 {[%emt 0:00:03]} Nb8 {[%emt 0:00:06]} 8. Qa4+ {[%emt 0:00:01]} b5 {[%emt 0:00:04]} 9. Nxb5 {[%emt 0:00:01]} Bxb5 {[%emt 0:00:07]} 10. Qxb5+ {[%emt 0:00:00]} Nd7 {[%emt 0:00:07]} 11. O-O {[%emt 0:00:01]} Ngf6 {[%emt 0:00:02]} 12. Bg5 {[%emt 0:00:06]} O-O {[%emt 0:00:02]} 13. Nd2 {[%emt 0:00:02]} Rb8 {[%emt 0:00:01]} 14. Qa5 {[%emt 0:00:04]} Rxb2 {[%emt 0:00:02]} 15. Qxa7 {[%emt 0:00:03]} Nxd5 {[%emt 0:00:16]} 16. Bxe7 {[%emt 0:00:05]} Nxe7 {[%emt 0:00:00]} 17. Nc4 {[%emt 0:00:06]} Rxe2 {[%emt 0:00:07]} 18. a4 {[%emt 0:00:01]} Qb8 {[%emt 0:00:05]} 19. Qxb8 {[%emt 0:00:05]} Rxb8 {[%emt 0:00:00]} 20. a5 {[%emt 0:00:00]} d5 {[%emt 0:00:06]} 21. a6 {[%emt 0:00:01]} Nb6 {[%emt 0:00:35]} 22. a7 {[%emt 0:00:03]} Ra8 {[%emt 0:00:01]} 23. Rfb1 {[%emt 0:00:07]} Nec8 {[%emt 0:00:15]} 24. Nxb6 {[%emt 0:00:06]} cxb6 {[%emt 0:00:07]} 25. Bxd5 {[%emt 0:00:01]} Rxa7 {[%emt 0:00:01]} 26. Rxa7 {[%emt 0:00:10]} Nxa7 {[%emt 0:00:00]} 27. Rxb6 {[%emt 0:00:00]} h6 {[%emt 0:00:19]} 28. Rb7 {[%emt 0:00:01]} Nb5 {[%emt 0:00:01]} 29. Rxb5 {[%emt 0:00:03]} Rd2 {[%emt 0:00:03]} 30. Rb8+ {[%emt 0:00:01]} Kh7 {[%emt 0:00:02]} 31. Bxf7 {[%emt 0:00:00]} e4 {[%emt 0:00:02]} 32. Rb6 {[%emt 0:00:03]} Rd7 {[%emt 0:00:01]} 33. Bg6+ {[%emt 0:00:01] Haxhi Baha resigns (Lag: Av=0.89s, max=1.3s)} 1-0

[Event "Stay Safe Play From Home 246"]
[Site "Emanuel Lasker Arena"]
[Date "2020.06.22"]
[Round "7"]
[White "Lazieri3"]
[Black "Haris kollari 13"]
[Result "1-0"]
[WhiteElo "2052"]
[BlackElo "1921"]
[Annotator "NA"]
[PlyCount "117"]
[EventDate "2020.06.22"]
[EventType "swiss (blitz)"]

1. e4 {[%emt 0:00:07]} e6 {[%emt 0:00:01]} 2. e5 {[%emt 0:00:02]} d5 {[%emt 0:00:01]} 3. exd6 {[%emt 0:00:00]} cxd6 {[%emt 0:00:00]} 4. d4 {[%emt 0:00:04]} d5 {[%emt 0:00:01]} 5. c3 {[%emt 0:00:02]} Nc6 {[%emt 0:00:01]} 6. Nf3 {[%emt 0:00:00]} a6 {[%emt 0:00:01]} 7. Bg5 {[%emt 0:00:00]} f6 {[%emt 0:00:02]} 8. Bf4 {[%emt 0:00:01]} Bd6 {[%emt 0:00:01]} 9. Bxd6 {[%emt 0:00:01]} Qxd6 {[%emt 0:00:01]} 10. Bd3 {[%emt 0:00:00]} Nge7 {[%emt 0:00:02]} 11. Nh4 {[%emt 0:00:04]} f5 {[%emt 0:00:19]} 12. Qh5+ {[%emt 0:00:12]} g6 {[%emt 0:00:02]} 13. Qh6 {[%emt 0:00:02]} Bd7 {[%emt 0:00:08]} 14. Nd2 {[%emt 0:00:03]} O-O-O {[%emt 0:00:01]} 15. Nb3 {[%emt 0:00:01]} Rdg8 {[%emt 0:00:08]} 16. Qe3 {[%emt 0:00:09]} f4 {[%emt 0:00:07]} 17. Qe2 {[%emt 0:00:02]} g5 {[%emt 0:00:01]} 18. Nf3 {[%emt 0:00:01]} g4 {[%emt 0:00:05]} 19. Ne5 {[%emt 0:00:02]} Nxe5 {[%emt 0:00:07]} 20. dxe5 {[%emt 0:00:01]} Qb6 {[%emt 0:00:07]} 21. O-O-O {[%emt 0:00:03]} h5 {[%emt 0:00:02]} 22. f3 {[%emt 0:00:04]} Ba4 {[%emt 0:00:03]} 23. Bc2 {[%emt 0:00:07]} Bb5 {[%emt 0:00:09]} 24. Qd2 {[%emt 0:00:01]} Qe3 {[%emt 0:00:05]} 25. Qxe3 {[%emt 0:00:05]} fxe3 {[%emt 0:00:01]} 26. Rhe1 {[%emt 0:00:01]} e2 {[%emt 0:00:03]} 27. Rd2 {[%emt 0:00:01]} gxf3 {[%emt 0:00:01]} 28. gxf3 {[%emt 0:00:01]} Rg2 {[%emt 0:00:02]} 29. Nd4 {[%emt 0:00:01]} Bd7 {[%emt 0:00:04]} 30. Rdxe2 {[%emt 0:00:04]} Rhg8 {[%emt 0:00:01]} 31. f4 {[%emt 0:00:02]} h4 {[%emt 0:00:08]} 32. h3 {[%emt 0:00:06]} R8g3 {[%emt 0:00:04]} 33. Rxg2 {[%emt 0:00:09]} Rxg2 {[%emt 0:00:01]} 34. Rf1 {[%emt 0:00:03]} Rg3 {[%emt 0:00:01]} 35. Rf3 {[%emt 0:00:02]} Kd8 {[%emt 0:00:05]} 36. Kd2 {[%emt 0:00:01]} Ke8 {[%emt 0:00:04]} 37. Ke3 {[%emt 0:00:03]} Rg2 {[%emt 0:00:04]} 38. Rf2 {[%emt 0:00:01]} Rg3+ {[%emt 0:00:01]} 39. Rf3 {[%emt 0:00:05]} Rg2 {[%emt 0:00:01]} 40. a4 {[%emt 0:00:12]} Kf7 {[%emt 0:00:04]} 41. b4 {[%emt 0:00:14]} Nf5+ {[%emt 0:00:09]} 42. Bxf5 {[%emt 0:00:05]} exf5 {[%emt 0:00:01]} 43. b5 {[%emt 0:00:03]} axb5 {[%emt 0:00:01]} 44. axb5 {[%emt 0:00:02]} Rb2 {[%emt 0:00:04]} 45. Rf2 {[%emt 0:00:01]} Rb1 {[%emt 0:00:06]} 46. Rg2 {[%emt 0:00:05]} Rh1 {[%emt 0:00:09]} 47. e6+ {[%emt 0:00:04]} Bxe6 {[%emt 0:00:02]} 48. Nxe6 {[%emt 0:00:00]} Kxe6 {[%emt 0:00:01]} 49. Rg6+ {[%emt 0:00:00]} Kf7 {[%emt 0:00:01]} 50. Rh6 {[%emt 0:00:02]} Rxh3+ {[%emt 0:00:00]} 51. Kd4 {[%emt 0:00:00]} Rh2 {[%emt 0:00:01]} 52. Kxd5 {[%emt 0:00:02]} h3 {[%emt 0:00:00]} 53. Ke5 {[%emt 0:00:00]} Rh1 {[%emt 0:00:01]} 54. Kxf5 {[%emt 0:00:01]} h2 {[%emt 0:00:00]} 55. Rh7+ {[%emt 0:00:00]} Kg8 {[%emt 0:00:01]} 56. Rh3 {[%emt 0:00:01]} Kg7 {[%emt 0:00:01]} 57. b6 {[%emt 0:00:01]} Rc1 {[%emt 0:00:02]} 58. Rxh2 {[%emt 0:00:01]} Rxc3 {[%emt 0:00:00] '} 59. Rg2+ {[%emt 0:00:00] (Lag: Av=0.66s, max=1.0s)} 1-0

[Event "Stay Safe Play From Home 246"]
[Site "Emanuel Lasker Arena"]
[Date "2020.06.22"]
[Round "7"]
[White "Matanant"]
[Black "Don59as"]
[Result "1-0"]
[WhiteElo "1845"]
[BlackElo "2050"]
[Annotator "NA"]
[PlyCount "77"]
[EventDate "2020.06.22"]
[EventType "swiss (blitz)"]

1. b3 {[%emt 0:00:03]} e5 {[%emt 0:00:02]} 2. Bb2 {[%emt 0:00:00]} d6 {[%emt 0:00:00]} 3. e3 {[%emt 0:00:03]} g6 {[%emt 0:00:01]} 4. f4 {[%emt 0:00:02]} Bg7 {[%emt 0:00:02]} 5. Nf3 {[%emt 0:00:01]} f6 {[%emt 0:00:01]} 6. fxe5 {[%emt 0:00:02]} dxe5 {[%emt 0:00:04]} 7. Bc4 {[%emt 0:00:04]} Qe7 {[%emt 0:00:03]} 8. a3 {[%emt 0:00:03]} Be6 {[%emt 0:00:01]} 9. Qe2 {[%emt 0:00:02]} Nc6 {[%emt 0:00:02]} 10. b4 {[%emt 0:00:03] Matanant reconnected.} Nh6 {[%emt 0:00:07]} 11. O-O {[%emt 0:00:03]} O-O {[%emt 0:00:05]} 12. Nc3 {[%emt 0:00:04]} Rad8 {[%emt 0:00:03]} 13. Rad1 {[%emt 0:00:03]} Nf7 {[%emt 0:00:04]} 14. Ne4 {[%emt 0:00:10]} Nd6 {[%emt 0:00:10]} 15. Bxe6+ {[%emt 0:00:12]} Qxe6 {[%emt 0:00:03]} 16. Nc5 {[%emt 0:00:00]} Qc8 {[%emt 0:00:01]} 17. d4 {[%emt 0:00:09]} exd4 {[%emt 0:00:05]} 18. exd4 {[%emt 0:00:02]} Rde8 {[%emt 0:00:04]} 19. Qd3 {[%emt 0:00:01]} b6 {[%emt 0:00:02]} 20. Qb3+ {[%emt 0:00:03]} Kh8 {[%emt 0:00:03]} 21. Nd3 {[%emt 0:00:03]} Qg4 {[%emt 0:00:11]} 22. Nf2 {[%emt 0:00:05]} Qd7 {[%emt 0:00:03]} 23. c4 {[%emt 0:00:04]} Nf5 {[%emt 0:00:02]} 24. d5 {[%emt 0:00:02]} Nd8 {[%emt 0:00:10]} 25. Rfe1 {[%emt 0:00:03]} Nf7 {[%emt 0:00:02]} 26. Nd4 {[%emt 0:00:05]} Ne5 {[%emt 0:00:03]} 27. Ne6 {[%emt 0:00:02]} Rf7 {[%emt 0:00:01]} 28. Bxe5 {[%emt 0:00:12]} fxe5 {[%emt 0:00:01]} 29. Ng4 {[%emt 0:00:01]} Rxe6 {[%emt 0:00:13]} 30. dxe6 {[%emt 0:00:02]} Qxe6 {[%emt 0:00:00]} 31. Rd8+ {[%emt 0:00:13]} Bf8 {[%emt 0:00:02]} 32. Rxe5 {[%emt 0:00:04]} Qc6 {[%emt 0:00:07]} 33. Qc3 {[%emt 0:00:07]} Kg8 {[%emt 0:00:16]} 34. Ree8 {[%emt 0:00:14]} h5 {[%emt 0:00:04]} 35. Ne5 {[%emt 0:00:04]} Qe4 {[%emt 0:00:06]} 36. Nxf7 {[%emt 0:00:07]} Qb1+ {[%emt 0:00:01]} 37. Re1 {[%emt 0:00:03]} Qa2 {[%emt 0:00:06]} 38. Qh8+ {[%emt 0:00:02]} Kxf7 {[%emt 0:00:01]} 39. Qxf8# {[%emt 0:00:01] (Lag: Av=0.91s, max=1.7s)} 1-0

[Event "Stay Safe Play From Home 246"]
[Site "Emanuel Lasker Arena"]
[Date "2020.06.22"]
[Round "7"]
[White "Tustintin"]
[Black "Germanicus G"]
[Result "0-1"]
[WhiteElo "1657"]
[BlackElo "1510"]
[Annotator "NA"]
[PlyCount "44"]
[EventDate "2020.06.22"]
[EventType "swiss (blitz)"]

1. d4 {[%emt 0:00:02]} e6 {[%emt 0:00:01]} 2. c4 {[%emt 0:00:00]} Nf6 {[%emt 0:00:01]} 3. Nc3 {[%emt 0:00:01]} d5 {[%emt 0:00:01]} 4. e3 {[%emt 0:00:01]} Bb4 {[%emt 0:00:03]} 5. a3 {[%emt 0:00:02]} Bxc3+ {[%emt 0:00:02]} 6. bxc3 {[%emt 0:00:00]} c6 {[%emt 0:00:02]} 7. Bb2 {[%emt 0:00:00]} Qb6 {[%emt 0:00:10]} 8. Qc2 {[%emt 0:00:00]} Nbd7 {[%emt 0:00:03]} 9. Bd3 {[%emt 0:00:00]} h6 {[%emt 0:00:02]} 10. Nf3 {[%emt 0:00:01]} O-O {[%emt 0:00:01]} 11. h4 {[%emt 0:00:01]} Re8 {[%emt 0:00:02]} 12. Ng5 {[%emt 0:00:00]} e5 {[%emt 0:00:04]} 13. Bh7+ {[%emt 0:00:10]} Kf8 {[%emt 0:00:02]} 14. Nxf7 {[%emt 0:00:07]} Nxh7 {[%emt 0:00:10]} 15. Qxh7 {[%emt 0:00:13]} Kxf7 {[%emt 0:00:03]} 16. dxe5 {[%emt 0:00:01]} Nxe5 {[%emt 0:00:03]} 17. cxd5 {[%emt 0:00:01]} Qxb2 {[%emt 0:00:02]} 18. O-O {[%emt 0:00:06]} Qxc3 {[%emt 0:00:07]} 19. dxc6 {[%emt 0:00:03]} Nxc6 {[%emt 0:00:03]} 20. Rac1 {[%emt 0:00:03]} Qf6 {[%emt 0:00:01]} 21. h5 {[%emt 0:00:15]} Bf5 {[%emt 0:00:04]} 22. Qxg7+ {[%emt 0:00:06]} Qxg7 {[%emt 0:00:03] Tustintin resigns (Lag: Av=1.57s, max=23.3s)} 0-1

[Event "Stay Safe Play From Home 246"]
[Site "Emanuel Lasker Arena"]
[Date "2020.06.22"]
[Round "7"]
[White "Timbre"]
[Black "Neco74"]
[Result "0-1"]
[WhiteElo "1654"]
[BlackElo "2057"]
[Annotator "NA"]
[PlyCount "112"]
[EventDate "2020.06.22"]
[EventType "swiss (blitz)"]

1. d4 {[%emt 0:00:02]} d5 {[%emt 0:00:01]} 2. Nf3 {[%emt 0:00:01]} Nf6 {[%emt 0:00:00]} 3. c3 {[%emt 0:00:01]} c6 {[%emt 0:00:00]} 4. Bf4 {[%emt 0:00:01]} Bg4 {[%emt 0:00:01]} 5. e3 {[%emt 0:00:01]} Nbd7 {[%emt 0:00:01]} 6. Be2 {[%emt 0:00:02]} e6 {[%emt 0:00:01]} 7. Nbd2 {[%emt 0:00:01]} Qb6 {[%emt 0:00:01]} 8. Qb3 {[%emt 0:00:06]} Be7 {[%emt 0:00:01]} 9. Ne5 {[%emt 0:00:09]} Bxe2 {[%emt 0:00:04]} 10. Kxe2 {[%emt 0:00:02]} Nxe5 {[%emt 0:00:02]} 11. Bxe5 {[%emt 0:00:02]} Qa6+ {[%emt 0:00:06]} 12. Ke1 {[%emt 0:00:04]} O-O {[%emt 0:00:01]} 13. Nf3 {[%emt 0:00:02]} Nd7 {[%emt 0:00:01]} 14. Kd2 {[%emt 0:00:02]} b5 {[%emt 0:00:04]} 15. a3 {[%emt 0:00:03]} c5 {[%emt 0:00:01]} 16. Qc2 {[%emt 0:00:06]} Rac8 {[%emt 0:00:03]} 17. Qb3 {[%emt 0:00:06]} Qc6 {[%emt 0:00:08]} 18. Rhc1 {[%emt 0:00:08]} a6 {[%emt 0:00:01]} 19. Ke1 {[%emt 0:00:02]} f6 {[%emt 0:00:06]} 20. Bg3 {[%emt 0:00:03]} Nb6 {[%emt 0:00:04]} 21. Kf1 {[%emt 0:00:02]} Nc4 {[%emt 0:00:01]} 22. Kg1 {[%emt 0:00:03]} Bd6 {[%emt 0:00:06]} 23. Qc2 {[%emt 0:00:04]} Bxg3 {[%emt 0:00:04]} 24. hxg3 {[%emt 0:00:02]} Qd7 {[%emt 0:00:01]} 25. Rab1 {[%emt 0:00:03]} Nd6 {[%emt 0:00:03]} 26. Qe2 {[%emt 0:00:02]} Ne4 {[%emt 0:00:02]} 27. dxc5 {[%emt 0:00:04]} Rxc5 {[%emt 0:00:02]} 28. Rd1 {[%emt 0:00:02]} Qc7 {[%emt 0:00:03]} 29. Rd4 {[%emt 0:00:03]} Rc8 {[%emt 0:00:02]} 30. Rbd1 {[%emt 0:00:03]} Rc4 {[%emt 0:00:02]} 31. Qe1 {[%emt 0:00:07]} Rxd4 {[%emt 0:00:02]} 32. exd4 {[%emt 0:00:02]} Kf7 {[%emt 0:00:02]} 33. Qe3 {[%emt 0:00:02]} Re8 {[%emt 0:00:04]} 34. Nd2 {[%emt 0:00:02]} Nd6 {[%emt 0:00:02]} 35. Qd3 {[%emt 0:00:05]} g6 {[%emt 0:00:05]} 36. Re1 {[%emt 0:00:05]} Nc4 {[%emt 0:00:03]} 37. Nxc4 {[%emt 0:00:03]} bxc4 {[%emt 0:00:01]} 38. Qe3 {[%emt 0:00:02]} Qb6 {[%emt 0:00:01]} 39. Re2 {[%emt 0:00:02]} Re7 {[%emt 0:00:01]} 40. Qh6 {[%emt 0:00:02]} Kg8 {[%emt 0:00:02]} 41. Qh3 {[%emt 0:00:02]} f5 {[%emt 0:00:01]} 42. Qh4 {[%emt 0:00:02]} Qd6 {[%emt 0:00:01]} 43. Re5 {[%emt 0:00:03]} Rf7 {[%emt 0:00:03]} 44. Qg5 {[%emt 0:00:03]} Kg7 {[%emt 0:00:02]} 45. Qd2 {[%emt 0:00:04]} Rb7 {[%emt 0:00:01]} 46. Qe2 {[%emt 0:00:03]} Rb6 {[%emt 0:00:01]} 47. Kh2 {[%emt 0:00:05]} Qd7 {[%emt 0:00:01]} 48. Qd2 {[%emt 0:00:05]} Kf6 {[%emt 0:00:02]} 49. Qe2 {[%emt 0:00:04]} Qb5 {[%emt 0:00:04]} 50. Qe3 {[%emt 0:00:04]} Qxb2 {[%emt 0:00:02]} 51. Qh6 {[%emt 0:00:02]} Rb7 {[%emt 0:00:17]} 52. Qf8+ {[%emt 0:00:04]} Rf7 {[%emt 0:00:04]} 53. Qd8+ {[%emt 0:00:08]} Kg7 {[%emt 0:00:01]} 54. Qd6 {[%emt 0:00:04]} Qxc3 {[%emt 0:00:03]} 55. Rxe6 {[%emt 0:00:01]} Qxd4 {[%emt 0:00:01]} 56. Re3 {[%emt 0:00:03]} c3 {[%emt 0:00:02] Time (Lag: Av=0.48s, max=0.7s) .} 0-1

[Event "Stay Safe Play From Home 246"]
[Site "Emanuel Lasker Arena"]
[Date "2020.06.22"]
[Round "8"]
[White "Mepe_Nika"]
[Black "matanant"]
[Result "1-0"]
[WhiteElo "2320"]
[BlackElo "1871"]
[Annotator "TA"]
[PlyCount "93"]
[EventDate "2020.06.22"]
[EventType "swiss (blitz)"]

{[%evp 9,93,-3,2,-22,-16,-12,-13,-12,-13,-21,-10,-12,25,-128,-129,-131,-112,-97,-27,-35,-27,-28,35,54,112,107,113,110,214,71,214,112,101,108,119,130,109,79,98,12,78,13,99,30,40,-62,-71,-197,0,0,0,-217,-107,-370,-361,-398,-391,-368,-377,-610,-599,-589,-592,-566,-554,-553,0,-560,-311,-306,-302,-277,-42,-42,0,-27,-25,-43,-13,-16,328,277,185,32,200,173]} 1. g3 g6 2. h4 Bg7 3. h5 {[#]} d6 $146 ({Predecessor:} 3... g5 4. d4 h6 5. e4 d6 6. f4 gxf4 7. gxf4 d5 8. e5 Bf5 9. Nf3 e6 {1-0 (25) Cerrajeria Ruiz,J (2255)-Sebastian Bespin,R (1950) San Jose 1998}) 4. Bg2 Nc6 5. c4 Bg4 6. Qb3 {A00: Irregular Openings.} Rb8 7. hxg6 hxg6 8. Rxh8 {The position is equal.} Bxh8 9. Nf3 Nh6 10. d3 Nf5 11. Bg5 $2 (11. e3 $11) 11... Bxf3 12. exf3 Nfd4 13. Qd1 Qd7 (13... b5 $17 14. cxb5 Rxb5) 14. Nc3 $1 $11 Ne6 15. Be3 Bxc3+ (15... a6 $11) 16. bxc3 $14 f6 (16... d5 $14) 17. f4 Kf7 18. Rb1 Ncd8 (18... Kg7 $16) 19. Qg4 (19. f5 $1 $18 {[%cal Rf5g6] And now fxg6+ would win.} Ng7 20. Bd5+ (20. Bxa7 Ra8 $16) 20... e6 21. fxg6+ (21. Bxa7 Ra8 $16) 21... Kxg6 22. Qg4+ (22. Bxa7 Ra8 $11) 22... Kf7 23. Bh6 (23. Bxa7 Ra8 $11)) 19... c6 {[#]} (19... Nf8 $16 20. Qh4 b6) 20. Qh3 (20. Bxa7 $6 Ra8 $16) (20. f5 $1 $18 {[%mdl 512]} gxf5 21. Qxf5) 20... Nf8 $16 21. g4 Kg7 22. Kd2 (22. Bxa7 Ra8 $14) 22... Nf7 23. a4 e5 24. a5 (24. Bxa7 $6 Ra8 $11) ({White should try} 24. Rh1 $16) 24... b6 (24... exf4 $11 25. Bxf4 (25. Bxa7 Ra8 $17) 25... Qc7) 25. axb6 (25. f5 $16) 25... axb6 (25... exf4 $11 26. Bxf4 Rxb6 27. Rxb6 axb6) 26. g5 (26. Rxb6 Rxb6 27. Bxb6 Qb7 $17) (26. f5 $1 $16) 26... f5 $1 $11 27. fxe5 (27. Rxb6 $2 Rxb6 28. Bxb6 Qb7 $19) (27. Bxb6 Qc8 $15) (27. Qh1 $14) 27... dxe5 $15 28. f4 (28. d4 $17) 28... e4 $2 (28... Ra8 $19 29. Rb2 (29. Bxb6 $2 Ra2+ 30. Ke1 Ne6 $19) 29... Ne6) 29. Bd4+ $11 ({But not} 29. Bxb6 $2 c5 $1 $19 {[%mdl 512]}) 29... Kg8 {aiming for ...Ra8.} 30. Rh1 $2 ({Of course not} 30. Rxb6 Rxb6 31. Bxb6 Ne6 $17) (30. dxe4 $11 {and White is okay.} c5 {[%mdl 64] Pin} 31. exf5 cxd4 32. fxg6 dxc3+ 33. Kxc3 Qxh3+ 34. Bxh3 Nxg6 35. Be6) 30... c5 (30... Ra8 $1 $19 {[%cal Ra8a2]} 31. Bxe4 Qe7) 31. Be5 $2 {[%mdl 8192]} (31. dxe4 $17 cxd4 32. exf5 Qxf5 33. Qxf5 dxc3+ 34. Kxc3 gxf5 35. Re1) 31... Ra8 $19 32. Bxe4 fxe4 33. Qxd7 Nxd7 34. Bc7 $2 (34. d4 Ra4 35. Re1) 34... Ra2+ 35. Ke3 exd3 36. Kxd3 Kf8 37. Rb1 Ke7 $2 ({Black should play} 37... Ra7 $19 38. Be5 Nfxe5+ 39. fxe5 Kf7) 38. Bxb6 $2 {[%mdl 8192]} (38. Re1+ $11 Kf8 39. Re6) 38... Nxb6 39. Rxb6 $11 {[%mdl 4096] Endgame KRN-KR} Nd6 {Threatens to win with ...Rd2+!} 40. Rc6 Ke6 $2 (40... Ra5 $19 {...Kd7 is the strong threat.} 41. Rb6 Kd7) 41. Rxc5 $15 Nf5 42. Re5+ Kf7 43. c5 Ra1 44. Kc4 Rd1 $2 {[%mdl 8192]} (44... Ne7 $11) 45. c6 $18 Rd8 {[#]} 46. Kb5 $2 (46. Kc5 $1 $18 Ng7 47. c7) 46... Rc8 $2 {[#]} (46... Nd6+ $1 $14 47. Kc5 Ne8) 47. Kb6 $1 {White used his chance. Accuracy: White = 40%, Black = 38%.} 1-0

[Event "Stay Safe Play From Home 246"]
[Site "Emanuel Lasker Arena"]
[Date "2020.06.22"]
[Round "8"]
[White "Neco74"]
[Black "Dukic"]
[Result "1-0"]
[WhiteElo "2060"]
[BlackElo "1809"]
[Annotator "NA"]
[PlyCount "85"]
[EventDate "2020.06.22"]
[EventType "swiss (blitz)"]

1. b4 {[%emt 0:00:02]} d6 {[%emt 0:01:29]} 2. Bb2 {[%emt 0:00:05]} Nd7 {[%emt 0:00:00]} 3. e3 {[%emt 0:00:01]} e5 {[%emt 0:00:00]} 4. Nf3 {[%emt 0:00:01]} f5 {[%emt 0:00:01]} 5. d4 {[%emt 0:00:02]} e4 {[%emt 0:00:01]} 6. Nfd2 {[%emt 0:00:01]} d5 {[%emt 0:00:00]} 7. a3 {[%emt 0:00:03]} c6 {[%emt 0:00:01]} 8. c4 {[%emt 0:00:01]} Bd6 {[%emt 0:00:02]} 9. Nc3 {[%emt 0:00:01]} Ngf6 {[%emt 0:00:02]} 10. cxd5 {[%emt 0:00:01]} cxd5 {[%emt 0:00:01]} 11. Qb3 {[%emt 0:00:01]} Nb6 {[%emt 0:00:01]} 12. Rc1 {[%emt 0:00:02]} Be6 {[%emt 0:00:01]} 13. Nb5 {[%emt 0:00:01]} Bb8 {[%emt 0:00:01]} 14. Be2 {[%emt 0:00:08]} O-O {[%emt 0:00:02]} 15. h3 {[%emt 0:00:01]} a6 {[%emt 0:00:01]} 16. Nc3 {[%emt 0:00:01]} Kh8 {[%emt 0:00:05]} 17. Na4 {[%emt 0:00:01]} Nxa4 {[%emt 0:00:05]} 18. Qxa4 {[%emt 0:00:01]} Bd6 {[%emt 0:00:03]} 19. Qc2 {[%emt 0:00:03]} Rc8 {[%emt 0:00:03]} 20. Qd1 {[%emt 0:00:01]} Rxc1 {[%emt 0:00:01]} 21. Qxc1 {[%emt 0:00:01]} f4 {[%emt 0:00:01]} 22. exf4 {[%emt 0:00:09]} Bxf4 {[%emt 0:00:02]} 23. g3 {[%emt 0:00:03]} Bh6 {[%emt 0:00:03]} 24. Qc2 {[%emt 0:00:02]} e3 {[%emt 0:00:04]} 25. Nf3 {[%emt 0:00:06]} exf2+ {[%emt 0:00:02]} 26. Kxf2 {[%emt 0:00:01]} Ne4+ {[%emt 0:00:01]} 27. Kg2 {[%emt 0:00:01]} Qd6 {[%emt 0:00:04]} 28. Ne5 {[%emt 0:00:03]} Rf2+ {[%emt 0:00:03]} 29. Kg1 {[%emt 0:00:01]} Qf8 {[%emt 0:00:05]} 30. Rh2 {[%emt 0:00:31]} Be3 {[%emt 0:00:02]} 31. Bc1 {[%emt 0:00:22]} Rxe2+ {[%emt 0:00:04]} 32. Bxe3 {[%emt 0:00:04]} Rxc2 {[%emt 0:00:06]} 33. Rxc2 {[%emt 0:00:01]} h6 {[%emt 0:00:04]} 34. Kg2 {[%emt 0:00:03]} Qf6 {[%emt 0:00:03]} 35. Bf4 {[%emt 0:00:03]} g5 {[%emt 0:00:02]} 36. Be3 {[%emt 0:00:01]} h5 {[%emt 0:00:03]} 37. Re2 {[%emt 0:00:05]} Qf5 {[%emt 0:00:01]} 38. g4 {[%emt 0:00:03]} hxg4 {[%emt 0:00:01]} 39. hxg4 {[%emt 0:00:01]} Qf6 {[%emt 0:00:01]} 40. Re1 {[%emt 0:00:03]} Kh7 {[%emt 0:00:02]} 41. Rh1+ {[%emt 0:00:01]} Kg7 {[%emt 0:00:01]} 42. Rf1 {[%emt 0:00:01]} Qd8 {[%emt 0:00:01]} 43. Rh1 {[%emt 0:00:04] Zeit (Lag: Av=0.60s, max=1.4s)} 1-0